Loading...
| Literature - European | 0 | 7 | 0 | 0 | 70 | 33 | 57.71 | 4 | 7 | 0.00 | 0.00 |
| Fine Arts - Painting and Sculpture | 0 | 7 | 0 | 0 | 70 | 40 | 86.00 | 0 | 3 | 0.00 | 0.00 |
| Literature - American | 0 | 7 | 1 | 0 | 65 | 51 | 79.00 | 1 | 3 | 0.00 | 0.00 |
| Literature - British | 0 | 5 | 1 | 1 | 45 | 35 | 74.60 | 0 | 4 | 0.00 | 0.00 |
| Literature - World | 0 | 4 | 1 | 0 | 35 | 67 | 82.50 | 0 | 0 | 0.00 | 0.00 |
| Fine Arts - Other | 0 | 4 | 1 | 0 | 35 | 20 | 64.25 | 1 | 2 | 0.00 | 0.00 |
| History - American | 0 | 3 | 0 | 2 | 30 | 70 | 94.67 | 0 | 0 | 0.00 | 0.00 |
| Social Science | 0 | 2 | 0 | 0 | 20 | 72 | 86.00 | 1 | 1 | 0.00 | 0.00 |
| Popular Culture | 0 | 2 | 0 | 0 | 20 | 9 | 32.00 | 1 | 2 | 0.00 | 0.00 |
| Science - Other | 0 | 2 | 0 | 1 | 20 | 30 | 70.50 | 0 | 1 | 0.00 | 0.00 |
| Science - Physics | 0 | 2 | 0 | 2 | 20 | 105 | 106.50 | 0 | 0 | 0.00 | 0.00 |
| Fine Arts - Classical Music | 0 | 1 | 0 | 0 | 10 | 86 | 86.00 | 0 | 0 | 0.00 | 0.00 |
| Geography | 0 | 1 | 0 | 0 | 10 | 76 | 76.00 | 0 | 0 | 0.00 | 0.00 |
| History - European | 0 | 1 | 0 | 1 | 10 | 110 | 110.00 | 0 | 0 | 0.00 | 0.00 |
| Mythology | 0 | 1 | 1 | 0 | 5 | 72 | 72.00 | 0 | 1 | 0.00 | 0.00 |
| Philosophy | 0 | 1 | 1 | 0 | 5 | 50 | 50.00 | 0 | 0 | 0.00 | 0.00 |
| History - Other | 0 | 0 | 1 | 0 | -5 | 0.00 | 0 | 0 | 0.00 | 0.00 | |
| History - World | 0 | 0 | 1 | 0 | -5 | 0.00 | 0 | 0 | 0.00 | 0.00 |